Sid James Filmography - Statistics

General Stats
  • This quiz has been taken 17 times
    6 since last reset
  • The average score is 8 of 192
Answer Stats
Type Year Name % Correct
Film 1974 Carry On Dick
100%
Film 1969 Carry On Camping
67%
Film 1964 Carry On Cleo
67%
Film 1967 Carry On Doctor
67%
Film 1971 Carry On Henry
67%
Film 1972 Carry On Matron
67%
Film 1968 Carry On Up the Khyber
67%
Film 1972 Carry On Abroad
33%
Film 1969 Carry On Again Doctor
33%
Film 1971 Carry On at Your Convenience
33%
Film 1963 Carry On Cabby
33%
Film 1962 Carry On Cruising
33%
Film 1973 Carry On Girls
33%
Film 1961 Carry On Regardless
33%
Film 1970 Carry On Up the Jungle
33%
Theater 1945 A Bell for Adano
0%
TV Show 1960, 1962 A Christmas Night with the Stars
0%
Theater 1949 Across the Line
0%
Film 1955 A Kid for Two Farthings
0%
Film 1957 A King in New York
0%
TV Special 1969 All Star Comedy Carnival
0%
TV Film 1971 All This, and Christmas Too!
0%
Film 1960 And the Same to You
0%
Film 1958 Another Time, Another Place
0%
TV Show 1966 Armchair Theatre
0%
Film 1954 Aunt Clara
0%
Film 1961 A Weekend with Lulu
0%
Film 1955 A Yank in Ermine
0%
Theater 1964, 1965 Babes in the Wood
0%
TV Show 1953 BBC Sunday-Night Theatre
0%
Film 1947 Black Memory
0%
TV Show 1971-1976 Bless This House
0%
Film 1972 Bless This House
0%
Documentary Series 2012 Britain on Film
0%
Theater 1947, 1948 Burlesque
0%
Film 1957 Campbell's Kingdom
0%
TV Film 1970 Carry On Again Christmas
0%
TV Film 1969 Carry On Christmas
0%
TV Film 1973 Carry On Christmas
0%
Film 1960 Carry On Constable
0%
Film 1965 Carry On Cowboy
0%
TV Show 1975, 1981 Carry On Laughing!
0%
Theater 1973 Carry On London!
0%
Film 1970 Carry On Loving
0%
TV Film 1973 Carry On Sid
0%
TV Show 1971 Cilla
0%
TV Show 1960-1962 Citizen James
0%
TV Show 1964 Comedy Bandbox
0%
Film 1953 Cosh Boy
0%
Film 1959 Desert Mice
0%
Film 1966 Don't Lose Your Head
0%
Film 1961 Double Bunk
0%
Theater 1938 Double Error
0%
Film 1956 Dry Not
0%
TV Show 1958 East End, West End
0%
TV Show 1958 Educated Evans
0%
Film 1952 Emergency Call
0%
Film 1953 Escape by Night
0%
TV Show 1950 Family Affairs
0%
Film 1954 Father Brown
0%
Film 1952 Father's Doing Fine
0%
Film 1954 For Better, for Worse
0%
TV Show 1966-1968 George and the Dragon
0%
Film 1952 Gift Horse
0%
Film 1949 Give Us This Day
0%
Theater 1953, 1954 Guys and Dolls
0%
TV Show 1956-1960 Hancock's Half Hour
0%
Film 1957 Hell Drivers
0%
Theater 1949 High Button Shoes
0%
Theater 1969 His Favourite Family
0%
Theater 1940 Hoopla
0%
Film 1952 I Believe in You
0%
Film 1959 Idol on Parade
0%
Film 1957 Interpol
0%
Film 1953 Is Your Honeymoon Really Necessary?
0%
Film 1955 It's a Great Day
0%
Film 1948 It's Hard to Be Good
0%
TV Show 1957, 1958 ITV Play of the Week
0%
Film 1958 I Was Monty's Double
0%
Film 1955 Joe MacBeth
0%
Film 1955 John and Julie
0%
TV Show 1971 Jokers Wild
0%
TV Show 1960-1964 Juke Box Jury
0%
TV Film 1948 Kid Flanagan
0%
Theater 1948, 1951 Kiss Me, Kate
0%
Film 1951 Lady Godiva Rides Again
0%
Film 1950 Last Holiday
0%
Film 1959 Make Mine a Million
0%
Theater 1948 Men Without Shadows
0%
TV Show 1968 Mike and Bernie's Show
0%
Film 1952 Miss Robin Hood
0%
Film 1958 Next to No Time
0%
Film 1947 Night Beat
0%
Film 1948 No Orchids for Miss Blandish
0%
Commercial 1959-1960 NOVIS
0%
Theater 1940 Of Mice and Men
0%
Film 1949 Once a Jolly Swagman
0%
Film 1955 Orders Are Orders
0%
Film 1955 Out of the Clouds
0%
Film 1949 Paper Orchid
0%
Film 1953 Park Plaza 605
0%
TV Film 1957 Patomania: Babes in the Wood
0%
Theater 1962 Puss in Boots
0%
Film 1957 Quatermass 2
0%
Film 1961 Raising the Wind
0%
Film 1956 Ramsbottom Rides Again
0%
TV Show 1972 Sacha's in Town
0%
TV Show 1961 Saturday Spectacular
0%
Film 1954 Seagulls Over Sorrento
0%
TV Show 1957 Shadow Squad
0%
Theater 1929 Sleeping Beauty
0%
Theater 1965 Solid Gold Cadillac
0%
Film 1970 Stop Exchange
0%
Film 1951 Talk of a Million
0%
TV Show 1963-1964 Taxi!
0%
Film 1959 The 39 Steps
0%
TV Show 1956 The Adventures of Robin Hood
0%
Theater 1941 The Amuseliers
0%
Film 1964 The Beauty Jungle
0%
Film 1954 The Belles of St. Trinian's
0%
Film 1965 The Big Job
0%
TV Show 1969 The Bruce Forsyth Show
0%
TV Show 1956 The Buccaneers
0%
Theater 1938, 1948 The Corn Is Green
0%
TV Show 1956-1957 The Crime of Our Century
0%
Film 1954 The Crowded Day
0%
Film 1955 The Deep Blue Sea
0%
TV Show 1967 The Dick Emery Show
0%
TV Show 1955, 1958, 1959 The Ed Sullivan Show
0%
Film 1956 The Extra Day
0%
Theater 1947 The Fabulous Miss Dangerfield
0%
Film 1953 The Flanagan Boy
0%
TV Film 1948 The Front Page
0%
Film 1951 The Galloping Major
0%
Film 1955 The Glass Cage
0%
Film 1961 The Green Helmet
0%
Film 1954 The House Across the Lake
0%
Theater 1940 The Importance of Being Earnest
0%
Film 1956 The Iron Petticoat
0%
Film 1950 The Lady Craved Excitement
0%
Film 1951 The Lavender Hill Mob
0%
Film 1951 The Magic Box
0%
Film 1949 The Man in Black
0%
Film 1958 The Man Inside
0%
Theater 1971, 1974-1976 The Mating Season
0%
TV Show 1957 The New Adventures of Martin Kane
0%
TV Show 1965 The New London Palladium Show
0%
Film 1947 The October Man
0%
TV Show 1953 The Passing Show
0%
Film 1960 The Pure Hell of St. Trinian's
0%
Film 1954 The Rainbow Jacket
0%
Theater 1945 The Red Peppers
0%
TV Show 1970 The Roy Castle Show
0%
Film 1958 The Sheriff of Fractured Jaw
0%
Film 1957 The Shiralee
0%
TV Special 1973 The Sid James Show
0%
Radio Series 1960 The Sidney James Show
0%
Film 1958 The Silent Enemy
0%
Film 1949 The Small Back Room
0%
Film 1957 The Smallest Show on Earth
0%
Film 1953 The Square Ring
0%
Film 1957 The Story of Esther Costello
0%
Film 1952 The Tall Headlines
0%
Radio Series 1972 The Val Doonican Show
0%
Documentary 1996 The Very Best of Sid James
0%
Film 1954 The Weak and the Wicked
0%
Film 1953 The Wedding of Lilli Marlene
0%
Theater 1945 The Wind of Heaven
0%
Film 1953 The Yellow Balloon
0%
Theater 1950 They Knew What They Wanted
0%
Theater 1938, 1948 They Walk Alone
0%
Film 1966 Three Hats for Lisa
0%
Film 1952 Time Gentlemen, Please!
0%
Film 1965 Tokoloshe
0%
Film 1959 Tommy the Toreador
0%
Film 1959 Too Many Crooks
0%
Film 1956 Trapeze
0%
TV Show 1969-1970 Two in Clover
0%
Commercial 1975 Unigate Milk
0%
Film 1959 Upstairs and Downstairs
0%
Film 1952 Venetian Bird
0%
Film 1960 Watch Your Stern
0%
Theater 1968, 1970 Wedding Fever
0%
Film 1962 We Joined the Navy
0%
Film 1961 What a Carve Up!
0%
Film 1961 What a Whopper
0%
TV Show 1962 What's My Line
0%
Film 1966 Where the Bullets Fly
0%
Film 1956 Wicked as They Come
0%
Film 1953 Will Any Gentleman...?
0%
TV Show 1958 William Tell
0%
Theater 1954, 1955 Wonderful Town
0%
No matching quizzes found
Score Distribution
Percent of People with Each Score
Percentile by Number Answered
Your Score History
You have not taken this quiz since the last reset